000 01354cam a2200265 4500500
005 20251228071258.0
041 _afre
042 _adc
100 1 0 _aCaudron, Denis
_eauthor
245 0 0 _aPrésupposés, connotations et effets très pervers de conceptions et de pratiques du social
260 _c2003.
500 _a57
520 _aDes pratiques sociales, des politiques sociales, contribuent non intentionnellement au développement de l’idéologie et de l’agir de l’extrême droite. Deux axes de réflexion sous-tendent ce questionnement : le développement du particularisme et la dévalorisation du politique.
520 _aDENIS CAUDRON. Some social practices and policies contribute unwittingly to the development of the ideology and of the action of the extreme-right. Two main lines of reflection underlie this question: the development of idiosyncracies and the depreciation of the politics.
690 _aé politique
690 _aeffet pervers
690 _aparticularisme
690 _auniversalisme
690 _aidiosyncracies
690 _aperverse effect
690 _apolitical solidarity
690 _auniversalism
786 0 _nPensée plurielle | 5 | 1 | 2003-03-01 | p. 105-114 | 1376-0963
856 4 1 _uhttps://shs.cairn.info/revue-pensee-plurielle-2003-1-page-105?lang=fr&redirect-ssocas=7080
999 _c1593504
_d1593504